000 01208nam0a22002411 4500
001 rc\2722659
005 20260406084107.0
035 _a(NLR Aleph) 006850271
090 _a6739099
_c6739099
100 _a20110915d1938 |||y0rusy50 ca
101 0 _arus
102 _aRU
105 _ay z |||||
200 1 _aПроисхождение человека
_eПояснительная брошюра к серии диапозитивов, сост. по материалам Государственного музея антропологии Н. Кирилловой, А. Закис и А. Закревской
_fРед. и предисл. М. Плисецкого
_gЦентр. сов. союза воинствующих безбожников СССР
210 _aМосква
_cМосков. полигр. ин-т
_d1938
215 _a28, [1] с.
_d13 см.
700 1 _aКириллова
_bН.В.
_f1882-
_gНаталья Вячеславовна
702 1 _4340
_4080
_7ca
_8rus
_aПлисецкий
_bМ. С.
_f1891-1957
_gМарк Соломонович
_3RU\NLR\AUTH\770278750
_92650717
801 0 _aRU
_bNLR
_gpsbo
801 1 _aRU
_bELAR
_2rusmarc
852 _aNLR
_j38-8/3027
942 _cBOOK
980 _aNB